| 000 | 01342cam a22002655a 4500 | ||
|---|---|---|---|
| 001 | 015432075 | ||
| 003 | OSt | ||
| 005 | 20151111125601.0 | ||
| 008 | 090129s2009 iaua frf 001 0 eng d | ||
| 020 | _a9780813823638 (pbk.) | ||
| 020 | _a0813823633 (pbk.) | ||
| 040 |
_aDNLM/DLC _cDLC _dNLM _dBTCTA _dYDXCP _dC#P _dCDX _dDLC _dUk _dEG-ScBUE _beng |
||
| 082 | 0 | 4 |
_a636.089514 _222 _bBIL |
| 100 | 1 |
_aBill, Robert. _938721 |
|
| 245 | 1 | 0 |
_aMedical mathematics and dosage calculations for veterinary professionals / _cRobert Bill. |
| 250 | _a2nd ed. | ||
| 260 |
_aAmes : _bWiley-Blackwell, _c2009. |
||
| 300 |
_axvii, 426 p. : _bill. ; _c19 cm. |
||
| 500 | _aIndex : p. 417-426. | ||
| 505 | 0 | _aSelf-assessment -- Review of decimal numbers in medical math -- Fractions as they apply to medical math -- Percentages -- Solving for the unknown value X -- Dosage calculation and measurements used in veterinary medicine -- Understanding drug orders and drug labels -- Dose calculation and syringe measurements -- Calculating intravenous infusions -- Ratios, proportions, dilutions, and other calculations used by veterinary professionals. | |
| 650 | 0 |
_aVeterinary drugs _xDosage _vHandbooks, manuals, etc. _2BUEsh |
|
| 650 | 0 |
_aVeterinary medicine _xMathematics _vHandbooks, manuals, etc. _2BUEsh |
|
| 653 |
_bPPhrm _cAugust2015 _cNovember2015 |
||
| 942 | _2ddc | ||
| 999 |
_c20674 _d20646 |
||